Využitie metód molekulovej spektroskopie vo forenznej, kriminalisticko-technickej analýze grafických objektov – štúdium viachárkových dokumentov

Saved in:
Bibliographic Details
Main Author: Šimonová, Simona (Author)
Other Authors: Čeppan, Michal (Thesis advisor)
Format: Manuscript Book
Language:Slovak
Published: 2015
Subjects:
Online Access:http://is.stuba.sk/zp/portal_zp.pl?podrobnosti=92901
Tags: Add Tag
No Tags, Be the first to tag this record!

MARC

LEADER 00000ntm a22000003a 4500
001 stuzp47163
003 SK-STU
005 20160719153147.0
007 ta
008 150427s2015----xo-----f-mn---000-0-slo-d
040 |a STU  |b slo 
041 0 |a slo 
100 1 |a Šimonová, Simona  |u 049160  |4 aut  |U FCHPT Ústav prírodných a syntetických polymérov  |T FCHPT Oddelenie polygrafie a aplikovanej fotochémie  |X 42896  |U C9160  |Y 127  |7 42896 
242 0 1 |a Application of Molecular Spectroscopy Methods in Forensic Examination of Graphical Objects - Examination of Multiple Sheets Document  |y eng 
245 1 0 |a Využitie metód molekulovej spektroskopie vo forenznej, kriminalisticko-technickej analýze grafických objektov – štúdium viachárkových dokumentov 
260 |c 2015 
650 4 |a laserová tlač  |2 slo 
650 4 |a molekulová absorpčná spektroskopia  |2 slo 
650 4 |a FT-IR ATR spektroskopia  |2 slo 
650 4 |a PCA  |2 slo 
650 4 |a MANOVA  |2 slo 
650 4 |a laser print  |2 eng 
650 4 |a molecular absorption spectroscopy  |2 eng 
650 4 |a FT-IR ATR spectroscopy  |2 eng 
650 4 |a PCA  |2 eng 
650 4 |a MANOVA  |2 eng 
700 1 |a Čeppan, Michal  |4 ths  |X 3317  |7 A000003317 
856 4 |u http://is.stuba.sk/zp/portal_zp.pl?podrobnosti=92901 
SQL |a stuzp47163  |b DBP  |c SLO  |d Využitie metód molekulovej spektroskopie vo forenznej, kriminalisticko-technickej analýze grafických objektov – štúdium viachárkových dokumentov  |e 42896  |f Šimonová, Simona  |g 049160  |h 3317  |i Čeppan, Michal  |j 20150715  |k 753  |l 04  |m http://is.stuba.sk/zp/portal_zp.pl?podrobnosti=92901  |n B-CHEMAT  |o 4.1.14. chémia, 5.2.18. chemické technológie